| 000 | 00490nam a2200157 4500 | ||
|---|---|---|---|
| 999 |
_c11870 _d11870 |
||
| 008 | 210113b ||||| |||| 00| 0 eng d | ||
| 082 | 0 | 0 |
_a005.73 _bN217 |
| 100 |
_94157 _aNaps, Thomas |
||
| 245 | 1 | 0 |
_aIntroduction to data structures with Pascal / _cby Thomas Naps and Bhagat Singh |
| 250 | _a1st ed. | ||
| 260 |
_aNew Delhi: _bGalgotia book source, _c1994. |
||
| 300 | _axix, 464 p. | ||
| 650 | 0 | _aData Structures (Computer science) | |
| 700 |
_94158 _aSingh, Bhagat |
||
| 942 |
_2ddc _cBK |
||